000 01205cam0a220025300 4500
001 lce00643736
008 681114s1968 ilua b 001 0 eng
010 _a 68018295
035 _a(Sirsi) r67036
035 _a(DLC) 68018295
035 _a(UPRA)lce00643736
040 _dUPRA
050 0 _aRB150.S5
_bH3
082 _a617/.21
100 1 _aHardaway, Robert M.
_6A27645.1
245 1 0 _aClinical management of shock, surgical and medical /
_cby Robert M. Hardaway, III. With a foreword by Francis D. Moore.
260 _aSpringfield, IL :
_bC.C. Thomas,
_c[1968]
500 _a"Based primarily on laboratory and clinical studies made by the Division of Surgery of the Walter Reed Army Institute of Research over the past seven years."
504 _aBibliography: p. 557-581.
650 0 _aShock.
_6S20000.1
710 1 _aUnited States. Walter Reed Army Institute of Research, Washington, D.C. Division of Surgery.
_bUnited States. Walter Reed Army Institute of Research, Washington, D.C. Division of Surgery.
_bUnited States. Walter Reed Army Institute of Research, Washington, D.C. Division of Surgery.
_6A27646.1
949 _aRB150.S5
_wLC
_i-89719
_mMEDICAL
_tBOOK
_lON-SHELF
004 67036
999 _c42662
_d42662